Allgemeinwissen nach Buchstabe - L - Statistiken

Allgemein
  • Dieses Quiz wurde 163 mal gespielt
  • Das Durchschnittsergebnis liegt bei 14 aus 16
Antwortstatistiken
Hint Antwort % Korrekt
Sprache im antiken Rom Latein
99%
Deutsches Nachbarland, dessen Hauptstadt genauso heißt wie das Land selbst Luxemburg
99%
Flüssiges Magma, das aus einem Vulkan an die Erdoberfläche austritt Lava
98%
Hauptstadt von Portugal Lissabon
98%
Berühmtes Museum in Paris Louvre
97%
Schlug 95 Thesen an die Tür der Schlosskirche Wittenberg (Nachname) Martin Luther
96%
Land mit der Hauptstadt Vilnius Litauen
91%
Disaccharid aus Glucose und Galactose, auch Milchzucker genannt Laktose
89%
US-amerikanische Sängerin und Songwriterin, bekannt für Songs wie "Pokerface", "Bad Romance" oder "Born this way" (Künstlername) Lady Gaga
87%
Italienische Währung vor dem Euro Lira
86%
Name des aktuellen Papstes (seit Mai 2025) Leo XIV
84%
16. Präsident der USA, schaffte die Sklaverei ab (Nachname) Abraham Lincoln
81%
Der "Sonnenkönig" von Frankreich (1643-1715) Ludwig XIV
75%
Motto der französischen Revolution "_______, égalité, fraternité " liberté
67%
Teamsport aus Kanada mit Schläger und Hartgummiball, zählt zu den schnellsten Ballsportarten Lacrosse
61%
Eine der drei großen Literaturgattungen, in Versen verfasst Lyrik
52%
Keine übereinstimmenden Quizze gefunden
Verteilung der Resultate
Anzahl Personen mit jedem Resultat
Perzentil nach korrekt beantworteten Fragen
Ihre Resultats-Entwicklung
Sie haben dieses Quiz noch nicht gespielt